{"text_format":"1","workbook":"xlsx","n_sheets":3,"sheets":["Formato","Instructivo de Diligenciamiento","Listas"],"not_rendered":{"charts":0,"images":3,"macros":1,"external_links":0,"defined_names":3,"comments":1,"pivot_tables":0},"unopened":[],"bounds":{"document_bytes":16777216,"sheet_cells":100000,"rows_first":2000,"rows_last":500,"rows_between":2000,"halvings":0,"cell_chars":16384,"cell_head_chars":4096},"cells_cut":0,"cells_raw":0,"read":"whole","date_system":"1900"}

{"sheet":"Formato","index":0,"n_rows":129,"n_cols":17,"rows_kept":129,"cut":false,"hidden":false,"merged":[[110,2,110,3],[110,8,110,9],[110,10,110,11],[110,16,110,17],[54,2,54,3],[54,8,54,9],[54,10,54,11],[54,16,54,17],[52,2,52,3],[52,8,52,9],[52,10,52,11],[52,16,52,17],[53,2,53,3],[53,8,53,9],[53,10,53,11],[53,16,53,17],[61,10,61,11],[61,16,61,17],[62,2,62,3],[62,8,62,9],[62,10,62,11],[62,16,62,17],[63,2,63,3],[63,8,63,9],[50,2,50,3],[50,8,50,9],[50,10,50,11],[50,16,50,17],[51,2,51,3],[51,8,51,9],[51,10,51,11],[51,16,51,17],[48,2,48,3],[48,8,48,9],[48,10,48,11],[48,16,48,17],[49,2,49,3],[49,8,49,9],[49,10,49,11],[49,16,49,17],[46,2,46,3],[46,8,46,9],[46,10,46,11],[46,16,46,17],[47,2,47,3],[47,8,47,9],[47,10,47,11],[47,16,47,17],[44,2,44,3],[44,8,44,9],[44,10,44,11],[44,16,44,17],[45,2,45,3],[45,8,45,9],[45,10,45,11],[45,16,45,17],[42,10,42,11],[42,16,42,17],[43,2,43,3],[43,8,43,9],[43,10,43,11],[43,16,43,17],[1,1,1,13],[7,1,7,2],[11,1,11,2],[23,9,23,13],[25,1,25,2],[25,4,25,5],[25,6,25,8],[25,9,25,10],[25,11,25,13],[11,3,11,9],[9,10,9,11],[9,12,9,13],[2,1,2,13],[4,1,5,3],[4,10,5,11],[4,7,5,9],[4,4,5,5],[27,6,27,8],[27,9,27,10],[27,11,27,13],[15,3,15,7],[27,4,27,5],[29,9,29,10],[21,1,21,13],[7,3,7,9],[9,1,9,2],[9,3,9,7],[7,12,7,13],[23,1,23,2],[23,4,23,8],[19,1,19,13],[29,1,29,2],[29,11,29,13],[17,1,17,13],[29,4,29,8],[15,1,15,2],[13,1,13,13],[27,1,27,2],[38,2,38,3],[38,16,38,17],[38,10,38,11],[37,10,37,17],[31,6,31,8],[31,11,31,13],[37,1,37,9],[31,1,31,2],[31,4,31,5],[31,9,31,10],[35,0,35,17],[37,0,38,0],[38,8,38,9],[39,16,39,17],[112,6,112,7],[112,8,112,9],[39,10,39,11],[39,2,39,3],[39,8,39,9],[40,2,40,3],[40,8,40,9],[40,10,40,11],[40,16,40,17],[41,2,41,3],[41,8,41,9],[41,10,41,11],[41,16,41,17],[42,2,42,3],[42,8,42,9],[55,16,55,17],[56,16,56,17],[57,16,57,17],[58,16,58,17],[59,16,59,17],[60,16,60,17],[61,2,61,3],[61,8,61,9],[122,1,122,3],[122,11,124,13],[125,11,125,13],[125,1,125,3],[125,6,125,8],[115,0,115,17],[119,1,119,4],[119,5,119,7],[119,8,119,11],[120,1,120,4],[120,5,120,7],[120,8,120,11],[117,1,117,4],[117,5,117,7],[117,8,117,11],[118,1,118,4],[118,5,118,7],[118,8,118,11],[127,10,128,14],[127,1,127,3],[127,6,127,8],[128,1,128,3],[128,4,128,5],[128,6,128,8],[55,2,55,3],[55,8,55,9],[55,10,55,11],[56,2,56,3],[56,8,56,9],[56,10,56,11],[57,2,57,3],[57,8,57,9],[57,10,57,11],[58,2,58,3],[58,8,58,9],[58,10,58,11],[59,2,59,3],[59,8,59,9],[59,10,59,11],[60,2,60,3],[60,8,60,9],[60,10,60,11],[63,10,63,11],[63,16,63,17],[64,2,64,3],[64,8,64,9],[64,10,64,11],[64,16,64,17],[65,2,65,3],[65,8,65,9],[65,10,65,11],[65,16,65,17],[66,2,66,3],[66,8,66,9],[66,10,66,11],[66,16,66,17],[67,2,67,3],[67,8,67,9],[67,10,67,11],[67,16,67,17],[68,2,68,3],[68,8,68,9],[68,10,68,11],[68,16,68,17],[69,2,69,3],[69,8,69,9],[69,10,69,11],[69,16,69,17],[70,2,70,3],[70,8,70,9],[70,10,70,11],[70,16,70,17],[71,2,71,3],[71,8,71,9],[71,10,71,11],[71,16,71,17],[72,2,72,3],[72,8,72,9],[72,10,72,11],[72,16,72,17],[73,2,73,3],[73,8,73,9],[73,10,73,11],[73,16,73,17],[74,2,74,3],[74,8,74,9],[74,10,74,11],[74,16,74,17],[75,2,75,3],[75,8,75,9],[75,10,75,11],[75,16,75,17],[76,2,76,3],[76,8,76,9],[76,10,76,11],[76,16,76,17],[77,2,77,3],[77,8,77,9],[77,10,77,11],[77,16,77,17],[78,2,78,3],[78,8,78,9],[78,10,78,11],[78,16,78,17],[79,2,79,3],[79,8,79,9],[79,10,79,11],[79,16,79,17],[80,2,80,3],[80,8,80,9],[80,10,80,11],[80,16,80,17],[81,2,81,3],[81,8,81,9],[81,10,81,11],[81,16,81,17],[82,2,82,3],[82,8,82,9],[82,10,82,11],[82,16,82,17],[83,2,83,3],[83,8,83,9],[83,10,83,11],[83,16,83,17],[84,2,84,3],[84,8,84,9],[84,10,84,11],[84,16,84,17],[85,2,85,3],[85,8,85,9],[85,10,85,11],[85,16,85,17],[86,2,86,3],[86,8,86,9],[86,10,86,11],[86,16,86,17],[87,2,87,3],[87,8,87,9],[87,10,87,11],[87,16,87,17],[88,2,88,3],[88,8,88,9],[88,10,88,11],[88,16,88,17],[89,2,89,3],[89,8,89,9],[89,10,89,11],[89,16,89,17],[90,2,90,3],[90,8,90,9],[90,10,90,11],[90,16,90,17],[91,2,91,3],[91,8,91,9],[91,10,91,11],[91,16,91,17],[92,2,92,3],[92,8,92,9],[92,10,92,11],[92,16,92,17],[93,2,93,3],[93,8,93,9],[93,10,93,11],[93,16,93,17],[94,2,94,3],[94,8,94,9],[94,10,94,11],[94,16,94,17],[95,2,95,3],[95,8,95,9],[95,10,95,11],[95,16,95,17],[96,2,96,3],[96,8,96,9],[96,10,96,11],[96,16,96,17],[97,2,97,3],[97,8,97,9],[97,10,97,11],[97,16,97,17],[98,2,98,3],[98,8,98,9],[98,10,98,11],[98,16,98,17],[99,2,99,3],[99,8,99,9],[99,10,99,11],[99,16,99,17],[100,2,100,3],[100,8,100,9],[100,10,100,11],[100,16,100,17],[101,2,101,3],[101,8,101,9],[101,10,101,11],[101,16,101,17],[102,2,102,3],[102,8,102,9],[102,10,102,11],[102,16,102,17],[103,2,103,3],[103,8,103,9],[103,10,103,11],[103,16,103,17],[104,2,104,3],[104,8,104,9],[104,10,104,11],[104,16,104,17],[105,2,105,3],[105,8,105,9],[105,10,105,11],[105,16,105,17],[109,2,109,3],[109,8,109,9],[109,10,109,11],[109,16,109,17],[106,2,106,3],[106,8,106,9],[106,10,106,11],[106,16,106,17],[107,2,107,3],[107,8,107,9],[107,10,107,11],[107,16,107,17],[108,2,108,3],[108,8,108,9],[108,10,108,11],[108,16,108,17]]}
[]
[null,"FORMATO PARA MODIFICACIÓN DE ÓRDENES DE COMPRA"]
[null,"Tienda Virtual del Estado Colombiano"]
[]
[null,"Número de Orden de Compra a modificar:",null,null,11677,null,null,"Número de modificación de la Orden de Compra:",null,null,3]
[]
[]
[null,"Entidad Compradora:",null,"INSTITUTO DE DESARROLLO URBANO ",null,null,null,null,null,null,null,"NIT:","899999081-6"]
[]
[null,"Nombre del solicitante:",null,"Delcy Julieta Castillo Ochoa",null,null,null,null,null,null,"Teléfono de contacto:",null,"3386660 Ext. 3802"]
[]
[null,"Proveedor :",null,"SOS SOLUCIONES DE OFICINA Y SUMINISTROS S.A.S."]
[]
[null,"Sección 1: Tipo de acción"]
[]
[null,"Tipo",null,"Modificación de la Orden de Compra"]
[]
[null,"Sección 2: Justificación de la modificación o de las acciones a realizar"]
[]
[null,"Con el fin de atender las necesidades actuales de las diferentes dependencias que conforman la Entidad, y teniendo en cuenta los cambios presentados en el comportamiento de consumo de algunos elementos; se hace necesario realizar ajustes en las cantidades de los elementos actualmente contratados."]
[]
[null,"Sección 3:  Modificación información general"]
[]
[null,"Nombre del campo",null,"¿Requiere modificación Si/No?","Datos actuales",null,null,null,null,"Nuevos datos"]
[]
[null,"Actualizar supervisor",null,"NO","Nombre del supervisor actual",null,0,null,null,"Nombre nuevo supervisor"]
[]
[null,"Dirección y/o teléfono Supervisor",null,"NO","Teléfono actual supervisor",null,0,null,null,"Teléfono nuevo supervisor"]
[]
[null,"Fecha de vencimiento",null,"NO","   La fecha vencimiento actual se tomará de la TVEC al momento del cambio",null,null,null,null,"Nueva fecha de vencimiento"]
[]
[null,"Dirección y/o teléfono Entidad",null,"NO","Dirección / teléfono actual Entidad",null,0,null,null,"Nueva dirección / teléfono Entidad"]
[]
[]
[]
["Sección 4: Modificación de artículos y servicios"]
[]
["Tipo de modificación","Información actual",null,null,null,null,null,null,null,null,"Nueva información"]
[null,"Número de la línea según O.C.","Nombre del artículo",null,"Cantidad","Unidad de medida","Precio unitario","Total","Información presupuestal",null,"Nombre del artículo",null,"Cantidad","Unidad de medida","Precio unitario","Total","Información presupuestal"]
["Modificación de artículo o servicio",1,"Almohadilla Dactilar",null,5,"Unidad",1100,{"$f":"ROUND(E40*G40, 2)","v":5500},4579,null,{"$f":"C40","v":"Almohadilla Dactilar"},null,11,"Unidad    ",1100,{"$f":"ROUND(M40*O40, 2)","v":12100},"CDP4579 $5.500 - CDP1289 $6.600"]
["Modificación de artículo o servicio",2,"Bandas Elásticas Ref. 22 X 25G",null,1320,"Caja",220,290400,4579,null,"Bandas Elásticas Ref. 22 X 25G",null,899,"Caja",220,197780,4579]
["Modificación de artículo o servicio",3,"Bisturí 18Mm Plástico",null,16,"Unidad",1010,16160,"4579-1289",null,"Bisturí 18Mm Plástico",null,61,"Unidad",1010,61610,"CDP4579 $12.120 - CDP1289 $49.490"]
["Modificación de artículo o servicio",4,"Bolígrafo Azul ",null,84,"Unidad",192,16128,4579,null,"Bolígrafo Azul ",null,146,"Unidad",192,28032,"CDP4579 $16.128 - CDP1289 $11.904"]
["Modificación de artículo o servicio",5,"Bolígrafo Negro",null,3700,"Unidad",192,710400,4579,null,"Bolígrafo Negro",null,2975,"Unidad",192,571200,4579]
["Modificación de artículo o servicio",6,"Bolígrafo Rojo",null,120,"Unidad",192,23040,"4579-1289",null,"Bolígrafo Rojo",null,193,"Unidad",192,37056,"CDP4579 $15.360 - CDP1289 $21.696"]
["Modificación de artículo o servicio",7,"Borrador De Miga De Pan",null,100,"Unidad",295,29500,4579,null,"Borrador De Miga De Pan",null,62,"Unidad",295,18290,4579]
["Modificación de artículo o servicio",10,"Carpeta Tipo Catálogo 1 Pulg",null,40,"Unidad",3445,137800,4579,null,"Carpeta Tipo Catálogo 1 Pulg",null,73,"Unidad",3445,251485,"CDP4579 $137.800 - CDP1289 $113.685"]
["Modificación de artículo o servicio",11,"Carpeta Tipo Catálogo 2 Pulg",null,40,"Unidad",5055,202200,4579,null,"Carpeta Tipo Catálogo 2 Pulg",null,52,"Unidad",5055,262860,"CDP4579 $202.200 - CDP1289 $60.660"]
["Modificación de artículo o servicio",12,"Carpeta Tipo Catálogo 3 Pulg",null,30,"Unidad",6320,189600,4579,null,"Carpeta Tipo Catálogo 3 Pulg",null,26,"Unidad",6320,164320,4579]
["Modificación de artículo o servicio",13,"Cartulina Oficio Blanca",null,32,"Paquete por cien",4055,129760,"4579-1289",null,"Cartulina Oficio Blanca",null,164,"Paquete por cien",4055,665020,"CDP4579 $105.430 - CDP1289 $559.590"]
["Eliminar artículo o servicio",68,"Cartulina Pliego Surtido",null,250,"Unidad",376,{"$f":"ROUND(E51*G51, 2)","v":94000},1289,null,"No aplica",null,"No aplica","No aplica","No aplica",0,"No aplica"]
["Modificación de artículo o servicio",14,"Cd-Rw",null,57,"Veinticinco unidades",20719,1180983,"4579-1289",null,"Cd-Rw",null,69,"Veinticinco unidades",20719,1429611,"CDP4579 $1.035.950 - CDP1289 $393.661"]
["Modificación de artículo o servicio",15,"Chinches X 50",null,15,"Caja por cincuenta",505,{"$f":"ROUND(E53*G53, 2)","v":7575},4579,null,{"$f":"C53","v":"Chinches X 50"},null,9,"Caja por cincuenta",505,{"$f":"ROUND(M53*O53, 2)","v":4545},4579]
["Modificación de artículo o servicio",16,"Cinta Adhesiva De Empaque En Rollo",null,286,"Unidad Rollo",2015,576290,4579,null,{"$f":"C54","v":"Cinta Adhesiva De Empaque En Rollo"},null,241,"veinticinco unidades",2015,{"$f":"ROUND(M54*O54, 2)","v":485615},4579]
["Modificación de artículo o servicio",17,"Cinta Adhesiva Mágica",null,15,"Unidad Rollo",9030,{"$f":"ROUND(E55*G55, 2)","v":135450},4579,null,"Cinta Adhesiva Mágica",null,50,"Caja por cincuenta",9030,451500,"CDP4579 $135.450 - CDP1289 $316.050"]
["Modificación de artículo o servicio",18,"Cinta Adhesiva Para Enmascarar 12Mm",null,64,"Unidad Rollo",1065,68160,4579,null,"Cinta Adhesiva Para Enmascarar 12Mm",null,75,"Unidad Rollo",1065,79875,"CDP4579 $68.160 - CDP1289 $11.715"]
["Modificación de artículo o servicio",69,"Cinta Adhesiva Para Enmascarar 48Mm",null,500,"Unidad Rollo",4285,2142500,1289,null,"Cinta Adhesiva Para Enmascarar 48Mm",null,53,"Unidad Rollo",4285,227105,1289]
["Modificación de artículo o servicio",19,"Cinta Adhesiva Transparente",null,98,"Unidad Rollo",415,40670,4579,null,"Cinta Adhesiva Transparente",null,130,"Unidad Rollo",415,53950,"CDP4579 $40.670 - CDP1289 $13.280"]
["Modificación de artículo o servicio",20,"Cintas Porta Escarapela Con Gancho",null,1500,"Unidad ",1100,1650000,"4579-1289",null,"Cintas Porta Escarapela Con Gancho",null,1250,"Unidad",1100,1375000,"CDP4579 $1.100.000 -CDP1289 $275.000"]
["Modificación de artículo o servicio",21,"Clip Estándar Pequeño X 100",null,410,"Caja por cien",275,112750,4579,null,"Clip Estándar Pequeño X 100",null,371,"Caja por cien",275,102025,4579]
["Modificación de artículo o servicio",22,"Clip Jumbo X 100",null,86,"Caja por cien",1015,87290,"4579-1289",null,"Clip Jumbo X 100",null,109,"Caja por cien",1015,110635,"CDP4579 $56840 -CDP1289 $53.795"]
["Modificación de artículo o servicio",23,"Clip Mariposa Gigante X 12",null,20,"Caja por doce",1055,21100,"4579-1289",null,"Clip Mariposa Gigante X 12",null,38,"Caja por doce",1055,40090,"CDP4579 $10.550 - CDP1289 $29.540"]
["Modificación de artículo o servicio",24,"Cosedora De Oficina 20 Hojas",null,100,"Unidad",7870,787000,4579,null,"Cosedora De Oficina 20 Hojas",null,145,"Unidad",7870,1141150,"CDP4579 $787.000 - CDP1289 $354.150"]
["Modificación de artículo o servicio",25,"Cosedora Semindustrial",null,3,"Unidad",32295,96885,4579,null,"Cosedora Semindustrial",null,4,"Unidad",32295,129180,"CDP4579 $96.885 - CDP1289 $32.295"]
["Modificación de artículo o servicio",26,"Dvd-R Paquete X 50",null,20,"Paquete por cincuenta",19515,390300,4579,null,"Dvd-R Paquete X 50",null,18,"Paquete por cincuenta",19515,351270,4579]
["Eliminar artículo o servicio",70,"Estuche Acrílico Para Cd/Dvd De 12 Cm",null,600,"Unidad",393,{"$f":"ROUND(E66*G66, 2)","v":235800},1289,null,"No aplica",null,"No aplica","No aplica","No aplica",0,"No aplica"]
["Modificación de artículo o servicio",27,"Fechador De Entintado Manual",null,12,"Unidad",2000,24000,"4579-1289",null,"Fechador De Entintado Manual",null,9,"Unidad",2000,18000,"CDP4579 $12.000 - CDP1289 $6.000"]
["Modificación de artículo o servicio",28,"Funda Protectora De Plástico Tamaño Carta X 100 Unidades",null,14,"Cien unidades",6118,{"$f":"ROUND(E68*G68, 2)","v":85652},4579,null,{"$f":"C68","v":"Funda Protectora De Plástico Tamaño Carta X 100 Unidades"},null,17,"Cien unidades",6118,{"$f":"ROUND(M68*O68, 2)","v":104006},"CDP4579 $85.652 - CDP1289 $18.354"]
["Modificación de artículo o servicio",29,"Gancho Legajador Plástico X 20",null,1600,"Veinte unidades",1360,2176000,4579,null,{"$f":"C69","v":"Gancho Legajador Plástico X 20"},null,278,"Veinte unidades",1360,{"$f":"ROUND(M69*O69, 2)","v":378080},4579]
["Eliminar artículo o servicio",30,"Gancho No. 23/10 Caja X 1000",null,5,"Caja por cien",2250,{"$f":"ROUND(E70*G70, 2)","v":11250},4579,null,"No aplica",null,"No aplica","No aplica","No aplica",0,"No aplica"]
["Modificación de artículo o servicio",31,"Grapa No. 26/6 Caja X 5000 ",null,140,"Caja por cinco mil ",1275,178500,"4579-1289",null,{"$f":"C71","v":"Grapa No. 26/6 Caja X 5000 "},null,198,"Caja por cinco mil",1275,{"$f":"ROUND(M71*O71, 2)","v":252450},"CDP4579 $140.250 - CDP1289 $112.200"]
["Modificación de artículo o servicio",32,"Lápiz De Chequeo Mina Roja ",null,84,"Unidad",270,{"$f":"ROUND(E72*G72, 2)","v":22680},4579,null,{"$f":"C72","v":"Lápiz De Chequeo Mina Roja "},null,101,"Unidad",270,{"$f":"ROUND(M72*O72, 2)","v":27270},"CDP4579 $22.680 - CDP1289 $4.590"]
["Modificación de artículo o servicio",33,"Lápiz De Escritura Mina Negra",null,150,"Doce unidades",2110,316500,4579,null,{"$f":"C73","v":"Lápiz De Escritura Mina Negra"},null,175,"Doce unidades",2110,{"$f":"ROUND(M73*O73, 2)","v":369250},"CDP4579 $316.500 - CDP1289 $52.750"]
["Modificación de artículo o servicio",34,"Libro De Actas 200 Folios",null,9,"Unidad",5740,51660,"4579-1289",null,"Libro De Actas 200 Folios",null,15,"Unidad",5740,86100,"CDP4579 $28.700 - CDP1289 $57.400"]
["Modificación de artículo o servicio",35,"Marcador Borrable Desechable",null,350,"Unidad",710,248500,4579,null,"Marcador Borrable Desechable",null,375,"Unidad",710,266250,"CDP4579 $248.500 - CDP1289 $17.750"]
["Modificación de artículo o servicio",36,"Marcador Permanente ",null,500,"Unidad",450,225000,4579,null,"Marcador Permanente ",null,385,"Unidad",450,173250,4579]
["Modificación de artículo o servicio",37,"Marcador Permanente Punta Delgada",null,30,"Unidad",725,21750,4579,null,"Marcador Permanente Punta Delgada",null,64,"Unidad",725,46400,"CDP4579 $21.750 - CDP1289 $24.650"]
["Modificación de artículo o servicio",38,"Numerador Entintado Manual 6 Dígitos",null,6,"Unidad",2715,16290,4579,null,"Numerador Entintado Manual 6 Dígitos",null,1,"Unidad",2715,2715,4579]
["Modificación de artículo o servicio",39,"Papel Bond 75G Carta Caja X 10 Resmas",null,420,"Diez resmas",73100,30702000,"4579-1289",null,"Papel Bond 75G Carta Caja X 10 Resmas",null,444,"Diez resmas",73100,32456400,"CDP4579 $27.778.000 - CDP1289 $4.678.400"]
["Modificación de artículo o servicio",40,"Papel Bond 75G Oficio Caja X 10 Resmas",null,80,"Diez resmas",93545,7483600,"4579-1289",null,"Papel Bond 75G Oficio Caja X 10 Resmas",null,100,"Diez resmas",93545,9354500,"CDP4579 $4.677.250 - CDP1289 $4.677.250"]
["Modificación de artículo o servicio",41,"Papel Contact Transparente",null,3,"Rollo por veinte metros",24365,73095,4579,null,"Papel Contact Transparente",null,8,"Rollo por veinte metros",24365,194920,"CDP4579 $73.095 - CDP1289 $121.825"]
["Modificación de artículo o servicio",42,"Papel Kraft 90G",null,4,"Rollo",43960,175840,4579,null,"Papel Kraft 90G",null,3,"Rollo",43960,131880,4579]
["Eliminar artículo o servicio",71,"Papel Para Plotter",null,50,"Rollo",36000,{"$f":"ROUND(E83*G83, 2)","v":1800000},1289,null,"No aplica",null,"No aplica","No aplica","No aplica",0,"No aplica"]
["Modificación de artículo o servicio",43,"Pegante En Barra",null,170,"Unidad",1265,215050,4579,null,"Pegante En Barra",null,209,"Unidad",1265,264385,"CDP4579 $215.050 - CDP1289 $49.335"]
["Eliminar artículo o servicio",72,"Perforadora Industrial 2 Huecos ",null,5,"Unidad",177172,{"$f":"ROUND(E85*G85, 2)","v":885860},1289,null,"No aplica",null,"No aplica","No aplica","No aplica",0,"No aplica"]
["Modificación de artículo o servicio",44,"Perforadora Para Oficina De 2 Huecos ",null,80,"Unidad",8195,655600,4579,null,{"$f":"C86","v":"Perforadora Para Oficina De 2 Huecos "},null,98,"Unidad",8195,{"$f":"ROUND(M86*O86, 2)","v":803110},"CDP4579 $655.600 - CDP1289 $147.510"]
["Modificación de artículo o servicio",45,"Perforadora Semindustrial 2 Huecos ",null,9,"Unidad",17160,{"$f":"ROUND(E87*G87, 2)","v":154440},"4579-1289",null,{"$f":"C87","v":"Perforadora Semindustrial 2 Huecos "},null,10,"Unidad",17160,{"$f":"ROUND(M87*O87, 2)","v":171600},"CDP4579 $120.120 - CDP1289 $51.480"]
["Modificación de artículo o servicio",73,"Pilas 9V Cuadrada Recargable",null,5,"Unidad",17100,{"$f":"ROUND(E88*G88, 2)","v":85500},1289,null,{"$f":"C88","v":"Pilas 9V Cuadrada Recargable"},null,4,"Unidad",17100,{"$f":"ROUND(M88*O88, 2)","v":68400},1289]
["Eliminar artículo o servicio",74,"Pilas Aa Recargables Par",null,3,"Dos pilas",9618,{"$f":"ROUND(E89*G89, 2)","v":28854},1289,null,"No aplica",null,"No aplica","No aplica","No aplica",0,"No aplica"]
["Eliminar artículo o servicio",75,"Pilas Aaa Recargables Par",null,3,"Dos pilas",9489,{"$f":"ROUND(E90*G90, 2)","v":28467},1289,null,"No aplica",null,"No aplica","No aplica","No aplica",0,"No aplica"]
["Modificación de artículo o servicio",47,"Pilas Alcalinas Aa No Recargables",null,21,"Dos pilas",1035,21735,4579,null,{"$f":"C91","v":"Pilas Alcalinas Aa No Recargables"},null,8,"Dos pilas",1035,{"$f":"ROUND(M91*O91, 2)","v":8280},4579]
["Modificación de artículo o servicio",48,"Pilas Alcalinas Aaa No Recargables",null,21,"Dos pilas",1088,{"$f":"ROUND(E92*G92, 2)","v":22848},4579,null,{"$f":"C92","v":"Pilas Alcalinas Aaa No Recargables"},null,8,"Dos pilas",1088,{"$f":"ROUND(M92*O92, 2)","v":8704},4579]
["Modificación de artículo o servicio",49,"Porta Carnet Rígido",null,1500,"Unidad",325,{"$f":"ROUND(E93*G93, 2)","v":487500},"4579-1289",null,{"$f":"C93","v":"Porta Carnet Rígido"},null,1000,"Unidad",325,{"$f":"ROUND(M93*O93, 2)","v":325000},4579]
["Modificación de artículo o servicio",50,"Regla Plastica",null,90,"Unidad",325,29250,"4579-1289",null,{"$f":"C94","v":"Regla Plastica"},null,106,"Unidad",325,{"$f":"ROUND(M94*O94, 2)","v":34450},"CDP4579 $19.500 - CDP1289 $14.950"]
["Modificación de artículo o servicio",51,"Repuesto Bisturí 18Mm Paquete X 10 ",null,5,"Unidad",715,3575,4579,null,"Repuesto Bisturí 18Mm Paquete X 10 ",null,21,"Unidad",715,15015,"CDP4579 $2.145 - CDP1289 $12.870"]
["Modificación de artículo o servicio",52,"Resaltador Desechable",null,950,"Unidad",385,365750,4579,null,"Resaltador Desechable",null,1299,"Unidad",385,500115,"CDP4579 $365.750 - CDP1289 $134.365"]
["Eliminar artículo o servicio",53,"Rollo Sumadora 57Mm",null,3,"Unidad",500,{"$f":"ROUND(E97*G97, 2)","v":1500},4579,null,"No aplica",null,"No aplica","No aplica","No aplica",0,"No aplica"]
["Modificación de artículo o servicio",54,"Rotulo Adhesivo Matriz X 1080 Rótulos",null,5,"Mil ochenta rótulos",16450,82250,4579,null,{"$f":"C98","v":"Rotulo Adhesivo Matriz X 1080 Rótulos"},null,3,"Mil ochenta rótulos",16450,{"$f":"ROUND(M98*O98, 2)","v":49350},4579]
["Eliminar artículo o servicio",55,"Sacaganchos Para Grapa",null,100,"Unidad",855,85500,4579,null,"No aplica",null,"No aplica","No aplica","No aplica",0,"No aplica"]
["Modificación de artículo o servicio",56,"Sobre Carta Paquete X 100",null,31,"Cien unidades",6615,205065,"4579-1289",null,{"$f":"C100","v":"Sobre Carta Paquete X 100"},null,29,"Cien unidades",6615,{"$f":"ROUND(M100*O100, 2)","v":191835},"CDP4579 $165.375 - CDP1289 $26.460"]
["Modificación de artículo o servicio",76,"Sobre De Correspondencia Con Ventanilla Paquete X 100",null,360,"Cien unidades",3591,1292760,1289,null,{"$f":"C101","v":"Sobre De Correspondencia Con Ventanilla Paquete X 100"},null,269,"Cien unidades",3591,{"$f":"ROUND(M101*O101, 2)","v":965979},1289]
["Modificación de artículo o servicio",57,"Sobre De Felpa Para Cd",null,9250,"Unidad",44,407000,"4579-1289",null,{"$f":"C102","v":"Sobre De Felpa Para Cd"},null,2900,"Unidad",44,{"$f":"ROUND(M102*O102, 2)","v":127600},"CDP4579 $99.000 - CDP1289 $28.600"]
["Modificación de artículo o servicio",59,"Sobre Medio Oficio Paquete X 100",null,14,"Cien unidades",5975,83650,"4579-1289",null,{"$f":"C103","v":"Sobre Medio Oficio Paquete X 100"},null,11,"Cien unidades",5975,{"$f":"ROUND(M103*O103, 2)","v":65725},"CDP4579 $53.775 - CDP1289 $11.950"]
["Modificación de artículo o servicio",60,"Sobre Oficio Paquete X 100",null,31,"Cien unidades",8175,253425,4579,null,{"$f":"C104","v":"Sobre Oficio Paquete X 100"},null,11,"Cien unidades",8175,{"$f":"ROUND(M104*O104, 2)","v":89925},4579]
["Modificación de artículo o servicio",61,"Sobre Para Archivo Carta",null,2000,"Unidad",120,240000,4579,null,{"$f":"C105","v":"Sobre Para Archivo Carta"},null,11200,"Unidad",120,{"$f":"ROUND(M105*O105, 2)","v":1344000},"CDP4579 $240.000 - CDP1289 $1.104.000"]
["Modificación de artículo o servicio",62,"Sobre Para Archivo Oficio",null,2000,"Unidad",150,{"$f":"ROUND(E106*G106, 2)","v":300000},4579,null,{"$f":"C106","v":"Sobre Para Archivo Oficio"},null,11100,"Unidad",150,{"$f":"ROUND(M106*O106, 2)","v":1665000},"CDP4579 $300.000 - CDP1289 $1.365.000"]
["Modificación de artículo o servicio",77,"Tabla Planillera",null,50,"Unidad",2160,108000,1289,null,{"$f":"C107","v":"Tabla Planillera"},null,76,"Unidad",2160,{"$f":"ROUND(M107*O107, 2)","v":164160},1289]
["Modificación de artículo o servicio",63,"Tarjeta Pvc Calibre 30 Para Carnet Institucional Paquete X 100",null,15,"Paquete por cien",21320,319800,"4579-1289",null,{"$f":"C108","v":"Tarjeta Pvc Calibre 30 Para Carnet Institucional Paquete X 100"},null,13,"Paquete por cien",21320,{"$f":"ROUND(M108*O108, 2)","v":277160},"CDP4579 $213.200 - CDP1289 $63.960"]
["Modificación de artículo o servicio",64,"Tijera De Acero Inoxidable",null,100,"Unidad",1805,180500,4579,null,{"$f":"C109","v":"Tijera De Acero Inoxidable"},null,137,"Unidad",1805,{"$f":"ROUND(M109*O109, 2)","v":247285},"CDP4579 $180.500 - CDP1289 $66.785"]
["Modificación de artículo o servicio",65,"Tinta Para Sello 28 A 30 Cc Negro",null,25,"Unidad",1095,27375,4579,null,{"$f":"C110","v":"Tinta Para Sello 28 A 30 Cc Negro"},null,5,"Unidad",1095,{"$f":"ROUND(M110*O110, 2)","v":5475},4579]
["Eliminar artículo o servicio",66,"Tinta Para Sello X 28 A 30 C.C. Roja",null,4,"Unidad",1095,4380,4579,null,"No aplica",null,"No aplica","No aplica","No aplica",0,"No aplica"]
[]
[null,null,null,null,null,null,"Cantidad de celdas a agregar:",null,1]
[]
[]
["Sección 5: Resultados de la modificación"]
[]
["Número de la línea según O.C.","Nombre del artículo",null,null,null,"Valores actuales",null,null,"Nuevos valores"]
[null,"Valor de la línea IVA en la Orden de Compra:",null,null,null,{"$f":"ROUND(M119, 2)","v":10088211.48},null,null,10146473.48,null,null,null,10088211.48]
[null,"Valor de la línea AIU en la Orden de Compra:"]
[null,"Valor de la línea gravámenes adicionales en la Orden de Compra:"]
[]
[null,null,null,null,null,null,null,null,null,null,null,"16 de junio de 2017"]
[]
[]
[null,"Firma ordenador del gasto",null,null,null,null,"Firma de Proveedor",null,null,null,null,"Fecha de elaboración"]
[]
["Nombre:","ALBA CLEMENCIA ROJAS ARIAS",null,null,null,"Nombre:","DIEGO PAVA PIÑEROS",null,null,null,"Las partes manifestamos que este mismo documento se cargará en la plataforma en formato Excel (.xlsm) y los cambios se pueden validar con el mismo."]
["Documento de Identidad:",30324914,null,null,"Documento de Identidad:",null,10100160734]

{"sheet":"Instructivo de Diligenciamiento","index":1,"n_rows":4,"n_cols":2,"rows_kept":4,"cut":false,"hidden":false,"merged":[[3,1,82,10]]}
[]
[]
[]
[null,"Instrucciones de diligenciamiento:\n\nColombia Compra Eficiente ha diseñado este formato para que las Entidades Compradoras puedan realizar aclaraciones, modificaciones, cancelaciones o terminaciones y liquidaciones de las Órdenes de Compra que estén en ejecución y vigentes, o ejecutadas. Para ello debe indicar:\n\nDatos generales: Datos básicos como número de la Orden de Compra que requiere cambiar, número consecutivo de solicitud tenga en cuenta que la primera solicitud corresponderá a la número “1”, nombre de la Entidad Compradora, nombre de la persona que solicita las acciones, celular o número de teléfono y extensión, NIT de la Entidad Compradora y el nombre del Proveedor que ejecuta la Orden de Compra.\n\nSección 1. Tipo de acción: Las Entidades pueden solicitar cuatro tipos de acciones respecto de las Órdenes de Compra:\n\n(i) Aclaraciones: Son las indicaciones de cambio de información que no afectan el plazo, el valor o las condiciones contractuales de las Órdenes de Compra como: redacción en las condiciones de entrega, errores de digitación  o rectificación de la fecha de vencimiento. Estas aclaraciones no requieren de la aceptación del Proveedor. Sin embargo una vez realizada la aclaración en la Orden de Compra, la Entidad Compradora debe notificarle al Proveedor el cambio. \n\n(ii) Modificaciones: Son indicaciones de cambio en aumento o disminución de valor o plazo,  aumento o disminución de los bienes o servicios solicitados, cambios en las condiciones de ejecución o datos que afecten la ejecución de la Orden de Compra. Solo en los casos de cambio de supervisor y datos de notificación como dirección o teléfono se puede omitir la firma del Proveedor. Sin embargo una vez realizada la modificación, la Entidad Compradora debe notificarle al Proveedor el cambio.\n\n(iii) Cancelación: Es la manifestación de la Entidad de no iniciar la ejecución de la Orden de Compra la cual también debe ser aceptada por el Proveedor.\n\n(iv) Terminación y Liquidación: Este tipo de acción es mediante la cual una Entidad Compradora formaliza la terminación y liquidación de las obligaciones derivadas de la Orden de Compra y así establece las acreencias pendientes a favor o en contra de cada parte de la Orden de Compra, también sirve para aclarar la ejecución de la misma o realizar la terminación anticipada en caso de que las partes así lo deseen. Este tipo de acción se debe aplicar dentro de los términos establecidos en cada Acuerdo Marco de Precios, para lo cual se requiere la solicitud por parte de la Entidad Compradora firmada por el Ordenador del Gasto y el representante legal del Proveedor, así como el informe del supervisor de la Orden de Compra. \n\nSección 2.  Justificación: Las razones de la realización del cambio de la Orden de Compra.\n\nSección 3. Modificación información general: la idea en esta sección es indicar cuales son los datos de información general de la orden de compra que requiere cambiar\n\nSección 4. Modificación de artículos o servicios: esta sección unicamente aplica en caso de que la acción a realizar sea modificar o terminar y liquidar la orden de compra, allí deberá indicar el tipo de midificación que desea realizar e ingresar o modificar los articulos que desea ajustar. Al momento de diligenciar esta sección tenga en cuenta las siguientes recomendaciones:\n\n(i) Las correcciones en el plazo de ejecución son diferentes a las modificaciones en el plazo, ejemplo: la Entidad Compradora adquirió elementos con tres entregas parciales pero digitó como fecha final de la Orden de Compra la fecha de la primera entrega, para corregir esto la Entidad Compradora selecciona en tipo de acción: aclaración y en el campo de fecha de vencimiento indica la fecha correcta. En el caso que fuera cambio de fecha fin, ejemplo: prorrogar o disminuir varios meses la ejecución de la Orden de Compra se utiliza en tipo de acción: modificación.\n\n(ii) para la realización de las modificaciones tenga en cuenta las secciones de modificación de cada una de las guías de compra\n\n(iii) los valores y cantidades solo pueden tener hasta dos decimales.\n\n(iv) la decisión de modificar, adicionar o combinar las dos opciones dependerá de las necesidades de cada Entidad Compradora, ejemplo si es un servicio y adicionalmente solo requiere modificar “cantidad” se recomienda seleccionar “modificación de artículo”, cuando son bienes puede modificar cualquiera de los demás campos.\n\n(v) si requiere cambio de condiciones de un servicio ya ejecutado se recomienda modificar la línea para que se refleje la parte ejecutada y adicionar una nueva línea para las nuevas condiciones del servicio que va a ejecutar.\n\nSección 5. Resultados de la modificación: La entidad siempre debe indicar en el recuadro el valor total del IVA, AIU, gravámenes adicionales, estos campos serán los valores finales que quedarán en la Orden de Compra después de la modificación, tenga en cuenta que el campo de IVA no aplica para algunos AMP como: papelería, vehículos y SOAT y que el campo de AIU solo aplica para aseo y cafetería.\n\nFirmas del documento: El ordenador del gasto de la Entidad Compradora debe firmar el documento y enviarlo al Proveedor para que lo acepte y firme, en caso de que así se requiera. El documento firmado debe ser enviado a través del aplicativo dispuesto por   Colombia Compra Eficiente para realizar las acciones solicitadas.\n\nFecha de elaboración del documento: Corresponde a la fecha en la que la Entidad Compradora y el Proveedor llegaron a un acuerdo para realizar las acciones y se suscribe el documento, recuerde que: (i) para poder realizar modificaciones en las Órdenes de Compra las mismas se deben acordar dentro de la vigencia de la Orden de Compra, (ii) Las órdenes de compra no se podrán modificar si ya se encuentran vencidas, (iii) Se da por realizada la modificación o acción que requiera realizar la Entidad, desde le momento en que las partes la firmen. Colombia Compra Eficiente lo único que realiza en la Tienda Virtual es el proceso de publicación de la modificación o ajuste que las partes hayan acordado a través de la firma de este documento. \n\nSi la Entidad Compradora requiere agregar archivos que estén relacionados con las acciones a realizar como: copia del CDP y/o aprobación de Vigencia Futura (VF) que soporta la adición, soportes documentales, correos, cartas, etc... debe publicarlos junto con el documento de modificación suscrito en un único archivo .Pdf con alta resolución de escaneo, si el documento no es legible se tomaran los cambios contenidos en el formato Excel, tenga en cuenta que Colombia Compra Eficiente únicamente publicará las modificaciones especificadas en el formato enviado por el aplicativo.\n\n"]

{"sheet":"Listas","index":2,"n_rows":5,"n_cols":3,"rows_kept":5,"cut":false,"hidden":true,"merged":[]}
["TipoDeModificacion",null,"Modificacion"]
["Modificación de la Orden de Compra",null,"Modificación de artículo o servicio"]
["Aclaración a la Orden de Compra",null,"Agregar nuevo artículo o servicio"]
["Cancelación de la Orden de Compra",null,"Eliminar artículo o servicio"]
["Terminación y Liquidación de la Orden de Compra",null,"Ninguna"]